Normal view
MARC view
- Momina Nasar
Entry Personal Name
001 - CONTROL NUMBER
- control field: 91234
003 - CONTROL NUMBER IDENTIFIER
- control field: NUST
005 - DATE AND TIME OF LATEST TRANSACTION
- control field: 20220427095540.0
008 - FIXED-LENGTH DATA ELEMENTS
- fixed length control field: 220427|| aca||aabn | a|a d
040 ## - CATALOGING SOURCE
- Original cataloging agency: NUST
- Transcribing agency: NUST
100 ## - HEADING--PERSONAL NAME
- Personal name: Momina Nasar
670 ## - SOURCE DATA FOUND
- Source citation: Work cat.: (NUST): Momina Nasar, TH-SOF-1985-Automated Duplicate Defect Detection for Bug Tracking Systems, 2022.
